UBT Library

CHEMISTRY STUDENT SOLUTION MANULA CUSTOMIZED (Record no. 47305)

000 -LEADER
fixed length control field 00321nam a22001337a 4500
008 - FIXED-LENGTH DATA ELEMENTS--GENERAL INFORMATION
fixed length control field 180824b xxu||||| |||| 00| 0 eng d
020 ## - INTERNATIONAL STANDARD BOOK NUMBER
International Standard Book Number 9780073048048
041 ## - LANGUAGE CODE
Language code of text/sound track or separate title eng
080 ## - UNIVERSAL DECIMAL CLASSIFICATION NUMBER
Edition identifier 8 ED
Universal Decimal Classification number 541
100 ## - Rafti
Rafti 13
101 ## - Shkurtesa
Shkurtesa KIM
245 ## - TITLE STATEMENT
Title CHEMISTRY STUDENT SOLUTION MANULA CUSTOMIZED
Statement of responsibility, etc CHNAG.R
942 ## - ADDED ENTRY ELEMENTS (KOHA)
Source of classification or shelving scheme
Item type Books
Holdings
Withdrawn status Lost status Source of classification or shelving scheme Damaged status Not for loan Collection code Permanent location Current location Shelving location Date acquired Total Checkouts Full call number Barcode Date last seen Price effective from Koha item type
          Koleksioni i përgjithshem UBT - Lipjan UBT - Lipjan Koleksioni i përgjithshem 08/24/2018   541 CHA 002-3011255 08/24/2018 08/24/2018 Books
UBT Library © 2015-2024. All rights reserved University Education for Business and Technology